Los rasgos de la sociología crítica en México /

Wedi'i Gadw mewn:
Manylion Llyfryddiaeth
Prif Awdur: Villa Aguilera, Manuel
Fformat: Texto
Pynciau:
Tagiau: Ychwanegu Tag
Dim Tagiau, Byddwch y cyntaf i dagio'r cofnod hwn!

MARC

LEADER 00000 a a2200000 04500
001 16712
003
040
100 |a Villa Aguilera, Manuel  
245 |a Los rasgos de la sociología crítica en México /  |c Manuel Villa Aguilera 
650 |a SOCIOLOGIA  
650 |a TEORIA SOCIAL  
650 |a MEXICO  
773 |g volumen 11, número 30; páginas 7-56  
999 |c 38607  |d 38607